书目信息 |
| 题名: |
粮食经济:未来21世纪的政策
|
|
| 作者: | [日]岸根卓郎 著 | |
| 分册: | ||
| 出版信息: | 南京 南京大学出版社 1999.09 |
|
| 页数: | 284页 | |
| 开本: | 32开 | |
| 丛书名: | ||
| 单 册: | ||
| 中图分类: | F307.11 | |
| 科图分类: | ||
| 主题词: | 农业经济学 | |
| 电子资源: | ||
| ISBN: | 7-305-03416-9 | |
| 000 | 00597nam0 2200193 45 | |
| 001 | 0009091666 | |
| 005 | 20000909160649.9 | |
| 010 | @a7-305-03416-9@d25.00元 | |
| 100 | @a20000909d1999 km y0chiy0120 ea | |
| 101 | 0 | @achi |
| 105 | @a z 000yy | |
| 200 | 1 | @a粮食经济:未来21世纪的政策@ALiang Shi Jing Ji:Wei Lai 21 Shi Ji De Zheng Ce@f[日]岸根卓郎著@F[Ri]An Gen Zhuo Lang Zhu |
| 210 | @a南京@c南京大学出版社@d1999.09 | |
| 215 | @a284页@d32开 | |
| 606 | 0 | @a农业经济学 |
| 690 | @aF307.11@v3 | |
| 701 | 0 | @a[日]岸根卓郎@4著 |
| 801 | @aCN@bPftUser@c20000909 | |
| 905 | @b132279-281@dF307.11@eA965@f3 | |
| 粮食经济:未来21世纪的政策/[日]岸根卓郎著.-南京:南京大学出版社,1999.09 |
| 284页;32开 |
| ISBN 7-305-03416-9:25.00元 |
| ● |
| 相关链接 |
|
|
|
正题名:粮食经济:未来21世纪的政策
索取号:F307.11/A965
 
预约/预借
| 序号 | 登录号 | 条形码 | 馆藏地/架位号 | 状态 | 备注 |
| 1 | 132279 | 201322791 | 社科库409/409社科库 32排5列5层/ [索取号:F307.11/A965] | 在馆 | |
| 2 | 132280 | 201322808 | 社科二线422/409社科库 32排5列5层/ [索取号:F307.11/A965] | 在馆 | |
| 3 | 132281 | 201322817 | 社科二线422/409社科库 32排5列5层/ [索取号:F307.11/A965] | 在馆 |